|
|
|
|
| LEADER |
00869nam a2200241 a 4500 |
| 001 |
2734903 |
| 008 |
090709r20001994enkch b 000 0 eng d |
| 010 |
|
|
|a 77873507
|
| 020 |
|
|
|a 0713639431
|
| 020 |
|
|
|a 0393900746
|
| 040 |
|
|
|a DLC
|c DLC
|d DLC
|
| 082 |
0 |
0 |
|a 822/.4
|2 18
|
| 100 |
1 |
|
|a Congreve, William,
|d 1670-1729.
|
| 245 |
1 |
4 |
|a The way of the world;
|c William Congreve,edited by Brian Gibbons.
|
| 260 |
|
|
|a London,
|b Benn,
|b A & C Black Limited.
|c 1994. [Reprintes 2000]
|
| 300 |
|
|
|a xlviii, 120 p. :
|b facsim., port. ;
|c 21 cm.
|
| 490 |
1 |
|
|a The New mermaids
|
| 504 |
|
|
|a Bibliography: p. xxxv.
|
| 541 |
1 |
|
|e 00014236
|
| 655 |
|
7 |
|a Comedies.
|2 gsafd
|
| 852 |
4 |
|
|a Ayesha Abed Library
|j General shelf
|
| 999 |
|
|
|c 2263
|d 2263
|
| 952 |
|
|
|0 0
|1 1
|2 ddc
|4 0
|6 822_400000000000000_CON
|7 0
|9 13236
|a BRACUL
|b BRACUL
|c GEN
|d 2010-11-10
|l 0
|o 822.4 CON
|p 3010014236
|r 2010-11-10
|t 1
|w 2010-11-10
|y BK
|